000 00781cam a2200241 a 4500
001 3452173
005 20180115052520.0
008 921224s1993 kyu b s001 0 eng
010 _a 92047056
020 _a0813108160 :
_c$12.00
040 _aDLC
_cDLC
_dDLC
041 _aeng
080 _a801.950904 SEL
082 0 0 _a801.950904 SEL
_220
100 1 _a21
101 _aGJL
245 1 2 _aA reader's guide to contemporary literary theory.
504 _aIncludes bibliographical references and index.
740 0 _aContemporary literary theory.
906 _a7
_bcbc
_corignew
_d1
_eocip
_f19
_gy-gencatlg
942 _2ddc
_cBK
999 _c40255
_d40255